000
00314nam a22001337a 4500
008
170608b xxu||||| |||| 00| 0 eng d
020
_a
9780738608099
041
_a
eng
080
_a
328
100
_a
18
101
_a
SHP
245
_a
AP U.S. GOVERNMENT AND POLITICS CRASH COURSE
_c
KRIEGER,L
942
_2
udc
_c
BK
999
_c
16428
_d
16428